Ganadores del Mundial - Estadísticas

Estadísticas generales
  • Esta prueba ha sido intentada 77 veces
  • La puntuación promedio es 8 de 12
Answers on the Grid
Answers color-coded by a green-red scale on the quiz's grid according to % correct below.
Batistuta
Romario
Kaka
Verrati
Aguero
Hazard
Sergio Ramos
Ronaldo
Cubarsi
Musiala
Kane
Cristiano
Davies
Maldini
Tevez
Neuer
Mbappe
Messi
Pepe
Suarez
Best
Marcelo
Cannavaro
Armani
Veron
Van Der Sar
Cavani
Dembele
Puyol
Klose
 
Estadísticas de respuestas
Respuesta % Correcto
Kaka
79%
Romario
79%
Ronaldo
77%
Sergio Ramos
77%
Messi
72%
Neuer
70%
Dembele
68%
Mbappe
68%
Puyol
68%
Klose
64%
Cannavaro
53%
Armani
45%
No se encontraron pruebas coincidentes
Distribución de puntuación
Porcentaje de gente con cada puntuación
Porcentaje por número respondido
Historial de tus puntuaciones
No has intentado esta prueba.